La lógica de Charles Sanders Peirce (Record no. 129545)

MARC details
000 -LEADER
campo de control de longitud fija 00848nam a2200253 i 4500
001 - NÚMERO DE CONTROL
campo de control 129545
003 - IDENTIFICADOR DE NÚMERO DE CONTROL
campo de control ES-MaACL
005 - FECHA Y HORA DE LA ÚLTIMA TRANSACCIÓN
campo de control 20250804082046.0
007 - CAMPO FIJO DE DESCRIPCIÓN FÍSICA--INFORMACIÓN GENERAL
campo de control de longitud fija t|
008 - DATOS DE LONGITUD FIJA--INFORMACIÓN GENERAL
campo de control de longitud fija 070626s1982 sp ||||1| spa d
080 ## - NÚMERO DE LA CLASIFICACIÓN DECIMAL UNIVERSAL
Número de la Clasificación Decimal Universal 51 Peirce, Charles Sanders
080 ## - NÚMERO DE LA CLASIFICACIÓN DECIMAL UNIVERSAL
Número de la Clasificación Decimal Universal 510.6
100 1# - ENTRADA PRINCIPAL--NOMBRE DE PERSONA
Nombre de persona Thibaud, Pierre.
9 (RLIN) 109916
245 13 - MENCIÓN DEL TÍTULO
Título La lógica de Charles Sanders Peirce
Resto del título : del álgebra a los gráficos /
Mención de responsabilidad, etc. Pierre Thibaud ; [traducido por José Miguel Gambra].
260 ## - PUBLICACIÓN, DISTRIBUCIÓN, ETC.
Lugar de publicación, distribución, etc. Madrid :
Nombre del editor, distribuidor, etc. Paraninfo,
Fecha de publicación, distribución, etc. 1982.
300 ## - DESCRIPCIÓN FÍSICA
Extensión 199 p. :
Otras características físicas il. ;
Dimensiones 22 cm.
490 1# - MENCIÓN DE SERIE
Mención de serie Lógica y teoría de la ciencia
600 14 - PUNTO DE ACCESO ADICIONAL DE MATERIA--NOMBRE DE PERSONA
Nombre de persona Peirce, Charles S.
9 (RLIN) 89999
650 #7 - PUNTO DE ACCESO ADICIONAL DE MATERIA--TÉRMINO DE MATERIA
Término de materia o nombre geográfico como elemento de entrada Lógica matemática
Fuente del encabezamiento o término embne
9 (RLIN) 14697
700 1# - ENTRADA AGREGADA--NOMBRE PERSONAL
Nombre de persona Gambra, José Miguel.
9 (RLIN) 53774
830 0# - PUNTO DE ACCESO ADICIONAL DE SERIE-TÍTULO UNIFORME
Título uniforme Lógica y teoría de la ciencia
9 (RLIN) 181546
852 ## - LOCALIZACIÓN
Ubicación ES-MaACL
Número de control de estantería L-2810
Sublocalización o colección R.102960
Holdings
Estatus retirado Estado de pérdida Estado de daño No para préstamo Biblioteca de origen Biblioteca actual Ubicación en estantería Fecha de adquisición Fuente de adquisición Total de préstamos Signatura topográfica completa Código de barras Visto por última vez Precio de reemplazo Tipo de ítem Koha
        Biblioteca del Ateneo de Madrid Biblioteca del Ateneo de Madrid Depósito 2 17/01/2008     L-2810 1134899 23/02/2023 23/02/2023 Libro impreso